000 00307nam a22001457a 4500
008 210518b ||||| |||| 00| 0 eng d
020 _a9781553223313
041 _aeng
080 _a37
082 _a37
100 _a46
101 _aEDU
245 _aPlanning to Borrow
_cSteve Bang
942 _2udc
_cBK
999 _c57395
_d57395